[Event "Schwert von Luelsdorf op 27th"]
[Site "Niederkassel"]
[Date "2016.09.04"]
[Round "1"]
[White "Von der Lippe, Hans Bernd"]
[Black "Seger, Ruediger"]
[Result "0-1"]
[WhiteElo "1879"]
[BlackElo "2363"]
[PlyCount "56"]
[EventDate "2016.09.04"]
[EventType "swiss (rapid)"]
[EventRounds "9"]
[EventCountry "GER"]
[SourceTitle "CBM 174 Extra"]
[Source "ChessBase"]
[SourceDate "2016.10.10"]
[SourceVersion "1"]
[SourceVersionDate "2016.10.10"]
[SourceQuality "1"]

1. d4 Nf6 2. Nf3 g6 3. c4 Bg7 4. Nc3 d5 5. cxd5 Nxd5 6. e4 Nxc3 7. bxc3 c5 8. h3 Nc6 9. d5 Bxc3+ 10. Bd2 Bxa1 11. Qxa1 Nd4 12. Nxd4 cxd4 13. Qxd4 0-0 14. Bh6 Qa5+ 15. Ke2 f6 16. Bxf8 Qxa2+ 17. Kf3 Qa3+ 18. Bd3 Kxf8 19. Ra1 Qd6 20. Rxa7 Rb8 21. Ke3 g5 22. h4 Qf4+ 23. Ke2 gxh4 24. Qb6 Bg4+ 25. f3 h3 26. gxh3 Qxf3+ 27. Kd2 Qd1+ 28. Kc3 Rc8+ 0-1

[Event "Mittelrhein Verbandsliga-O 15/16"]
[Site "Nordrheinwestfalen"]
[Date "2016.01.31"]
[Round "7"]
[White "Von der Lippe, Hans Bernd"]
[Black "Gassmann, Peter"]
[Result "1-0"]
[WhiteElo "1772"]
[BlackElo "1924"]
[PlyCount "131"]
[EventDate "2015.09.06"]
[EventType "team-tourn"]
[EventRounds "11"]
[EventCountry "GER"]
[SourceTitle "EXT 2022"]
[Source "ChessBase"]
[SourceDate "2021.10.06"]
[SourceVersion "1"]
[SourceVersionDate "2021.10.06"]
[SourceQuality "1"]
[WhiteTeam "Bonn Beuel II"]
[BlackTeam "Siegburg"]
[WhiteTeamCountry "GER"]
[BlackTeamCountry "GER"]

1. d4 f5 2. Nf3 Nf6 3. Nc3 b6 4. Bg5 e6 5. e4 fxe4 6. Nxe4 Be7 7. Bxf6 Bxf6 8. Bd3 Bb7 9. Qd2 Nc6 10. c3 Qe7 11. g4 g6 12. Qf4 0-0 13. Qxc7 d5 14. Qxe7 Bxe7 15. Ned2 e5 16. Bb5 exd4 17. Bxc6 Bxc6 18. Nxd4 Bd7 19. h3 Bh4 20. 0-0 Rae8 21. N2f3 Bf6 22. Rfe1 Kg7 23. Kg2 Kf7 24. Rxe8 Rxe8 25. Re1 Rxe1 26. Nxe1 Ke7 27. f4 Kd6 28. Nef3 a6 29. Ng5 Bxg5 30. fxg5 Ke5 31. Kf3 Be8 32. Ke3 Bd7 33. Nf3+ Ke6 34. Kd4 Bb5 35. b3 Bf1 36. h4 Be2 37. Ne5 Kd6 38. c4 dxc4 39. Nxc4+ Kc6 40. Ne3 Kd6 41. Nd5 Bxg4 42. Nxb6 Be6 43. Na4 Kc6 44. Nc5 Bc8 45. b4 Kb5 46. a4+ Kxb4 47. Kd5 Ka5 48. Kc4 Bg4 49. Kb3 Bd1+ 50. Ka3 Bc2 51. Nb3+ Kb6 52. a5+ Kc7 53. Nd4 Bd3 54. Ne6+ Kd6 55. Nf8 Ke5 56. Kb4 Kf5 57. Kc5 Kg4 58. Kd4 Bf5 59. Ke5 Kxh4 60. Nxh7 Kg4 61. Kf6 Kh5 62. Nf8 Bb1 63. Ne6 Kg4 64. Nc5 Kf4 65. Nxa6 Ke3 66. Nc7 1-0

[Event "Bad Godesberg op 17th"]
[Site "Bad Godesberg"]
[Date "2013.08.09"]
[Round "7"]
[White "Von der Lippe, Hans Bernd"]
[Black "Begri, Felix"]
[Result "1-0"]
[WhiteElo "1679"]
[BlackElo "1927"]
[PlyCount "53"]
[EventDate "2013.08.03"]
[EventType "swiss"]
[EventRounds "9"]
[EventCountry "GER"]
[SourceTitle "CBM 155 Extra"]
[Source "ChessBase"]
[SourceDate "2013.08.26"]
[SourceVersion "1"]
[SourceVersionDate "2013.08.26"]
[SourceQuality "1"]

1. Nf3 d5 2. d4 Nf6 3. e3 e6 4. Bd3 c5 5. c3 Be7 6. Nbd2 Nc6 7. 0-0 0-0 8. Ne5 Qc7 9. f4 b6 10. Qf3 Bb7 11. g4 Nxe5 12. fxe5 Nd7 13. Qh3 h6 14. Nf3 Qd8 15. g5 Bxg5 16. Nxg5 Qxg5+ 17. Kh1 Nxe5 18. dxe5 Qxe5 19. Bd2 Rad8 20. Rae1 f5 21. Be2 Qe4+ 22. Bf3 Qc2 23. Rf2 Qxb2 24. Rg1 Kh7 25. Rfg2 Rd7 26. e4 dxe4 27. Rxg7+ 1-0

[Event "Bad Godesberg op 17th"]
[Site "Bad Godesberg"]
[Date "2013.08.05"]
[Round "3"]
[White "Von der Lippe, Hans Bernd"]
[Black "Knosowski, Hans Josef"]
[Result "1-0"]
[WhiteElo "1679"]
[BlackElo "1907"]
[PlyCount "67"]
[EventDate "2013.08.03"]
[EventType "swiss"]
[EventRounds "9"]
[EventCountry "GER"]
[SourceTitle "CBM 155 Extra"]
[Source "ChessBase"]
[SourceDate "2013.08.26"]
[SourceVersion "1"]
[SourceVersionDate "2013.08.26"]
[SourceQuality "1"]

1. d4 d5 2. Nf3 Bf5 3. c4 c6 4. Nc3 e6 5. g3 Nd7 6. Bg2 Ngf6 7. 0-0 Bd6 8. cxd5 exd5 9. Nh4 Be6 10. f3 0-0 11. e4 dxe4 12. fxe4 Be7 13. Nf5 Bc4 14. Nxe7+ Qxe7 15. Re1 Rad8 16. Qc2 Nb6 17. b3 Ba6 18. Bb2 Qb4 19. e5 Qxd4+ 20. Kh1 Ng4 21. Ne4 Qd3 22. Qc1 Nd5 23. Qg5 Nh6 24. Rad1 Qb5 25. Rxd5 cxd5 26. Nf6+ Kh8 27. Nh5 Rg8 28. e6 f6 29. Bxf6 Rd7 30. exd7 Qxd7 31. Re7 Qg4 32. Bxg7+ Rxg7 33. Re8+ Rg8 34. Qf6+ 1-0

[Event "Bad Godesberg op 17th"]
[Site "Bad Godesberg"]
[Date "2013.08.04"]
[Round "2"]
[White "Maassen, Hermann"]
[Black "Von der Lippe, Hans Bernd"]
[Result "0-1"]
[WhiteElo "1831"]
[BlackElo "1679"]
[PlyCount "40"]
[EventDate "2013.08.03"]
[EventType "swiss"]
[EventRounds "9"]
[EventCountry "GER"]
[SourceTitle "CBM 155 Extra"]
[Source "ChessBase"]
[SourceDate "2013.08.26"]
[SourceVersion "1"]
[SourceVersionDate "2013.08.26"]
[SourceQuality "1"]

1. e4 c5 2. d4 cxd4 3. f4 d5 4. e5 Bf5 5. Bd3 Bxd3 6. Qxd3 Qb6 7. Nf3 Nc6 8. a3 e6 9. 0-0 Nh6 10. Ng5 Be7 11. h4 Nf5 12. g3 Bxg5 13. hxg5 h6 14. g6 fxg6 15. Nd2 Ne3 16. Re1 Nxc2 17. Qxg6+ Kd7 18. Qxg7+ Ne7 19. f5 Rhg8 20. fxe6+ Qxe6 0-1

[Event "Bad Godesberg op 17th"]
[Site "Bad Godesberg"]
[Date "2013.08.03"]
[Round "1"]
[White "Von der Lippe, Hans Bernd"]
[Black "Kohler, Otto"]
[Result "0-1"]
[WhiteElo "1679"]
[BlackElo "1992"]
[PlyCount "46"]
[EventDate "2013.08.03"]
[EventType "swiss"]
[EventRounds "9"]
[EventCountry "GER"]
[SourceTitle "CBM 155 Extra"]
[Source "ChessBase"]
[SourceDate "2013.08.26"]
[SourceVersion "1"]
[SourceVersionDate "2013.08.26"]
[SourceQuality "1"]

1. d4 Nf6 2. Nf3 c5 3. e3 e6 4. Bd3 d5 5. c3 Nc6 6. Nbd2 Bd6 7. 0-0 0-0 8. dxc5 Bxc5 9. e4 Qc7 10. exd5 exd5 11. Nb3 Bd6 12. h3 Re8 13. Bc2 Ne5 14. Nfd4 a6 15. Re1 Bd7 16. Bg5 Ne4 17. Bxe4 dxe4 18. Rxe4 h6 19. Bf4 g5 20. Bxe5 Bxe5 21. Qh5 Bh2+ 22. Kf1 Rxe4 23. Qxh6 Qc4+ 0-1

[Event "Verbandsliga Mittelrhein-Ost 1213"]
[Site "Germany"]
[Date "2012.11.11"]
[Round "4.8"]
[White "Gohr, Aron"]
[Black "Von der Lippe, Hans Bernd"]
[Result "1-0"]
[WhiteElo "1918"]
[BlackElo "1743"]
[PlyCount "61"]
[EventDate "2012.09.09"]
[EventType "team"]
[EventRounds "11"]
[EventCountry "GER"]
[SourceTitle "EXT 2015"]
[Source "ChessBase"]
[SourceDate "2014.11.20"]
[SourceVersion "1"]
[SourceVersionDate "2014.11.20"]
[SourceQuality "1"]
[WhiteTeam "Godesberg V"]
[BlackTeam "Bonn Beuel"]
[WhiteTeamCountry "GER"]
[BlackTeamCountry "GER"]

1. Nc3 d5 2. e4 e6 3. f4 Nf6 4. e5 Nfd7 5. Qg4 a6 6. Nf3 c5 7. d3 Nc6 8. Be2 b5 9. Ng5 Nd4 10. Bd1 Nf5 11. 0-0 Bb7 12. Qh5 g6 13. Qh3 h6 14. g4 Bg7 15. Nxf7 Kxf7 16. gxf5 gxf5 17. Bh5+ Kf8 18. Bf3 Nb8 19. Be3 c4 20. Bc5+ Kg8 21. Kh1 Kh7 22. Rg1 Nd7 23. Bf2 Nf8 24. Rxg7+ Kxg7 25. Bh4 Qb6 26. Rg1+ Kf7 27. Bh5+ Ng6 28. Rxg6 d4+ 29. Ne4 cxd3 30. Rf6+ Kg7 31. Qg3+ 1-0

[Event "Bad Godesberg op 15th"]
[Site "Bad Godesberg"]
[Date "2011.07.30"]
[Round "8"]
[White "Von der Lippe, Hans Bernd"]
[Black "Mass, Elvira"]
[Result "0-1"]
[WhiteElo "1851"]
[BlackElo "1884"]
[PlyCount "50"]
[EventDate "2011.07.23"]
[EventType "swiss"]
[EventRounds "9"]
[EventCountry "GER"]
[SourceTitle "EXT 2017"]
[Source "ChessBase"]
[SourceDate "2016.10.25"]
[SourceVersion "1"]
[SourceVersionDate "2016.10.25"]
[SourceQuality "1"]

1. d4 d5 2. Nf3 e6 3. e3 Nf6 4. Bd3 c5 5. c3 Nc6 6. Nbd2 Be7 7. 0-0 0-0 8. dxc5 Bxc5 9. e4 h6 10. Qe2 Qc7 11. Bc2 Rd8 12. Nb3 dxe4 13. Bxe4 Nxe4 14. Qxe4 Bd6 15. Be3 e5 16. Rad1 f5 17. a4 Kh7 18. Qh4 f4 19. Bc5 Bxc5 20. Nxc5 Rxd1 21. Rxd1 b6 22. Ne4 Bf5 23. Nfg5+ Kg8 24. Nf6+ gxf6 25. Qxh6 Qg7 0-1

[Event "Bad Godesberg op 15th"]
[Site "Bad Godesberg"]
[Date "2011.07.24"]
[Round "2"]
[White "Von der Lippe, Hans Bernd"]
[Black "Silles, Marco"]
[Result "1-0"]
[WhiteElo "1851"]
[BlackElo "1484"]
[PlyCount "57"]
[EventDate "2011.07.23"]
[EventType "swiss"]
[EventRounds "9"]
[EventCountry "GER"]
[SourceTitle "EXT 2017"]
[Source "ChessBase"]
[SourceDate "2016.10.25"]
[SourceVersion "1"]
[SourceVersionDate "2016.10.25"]
[SourceQuality "1"]

1. e4 e5 2. Nf3 Nc6 3. Bb5 d6 4. 0-0 Bd7 5. d4 exd4 6. Bxc6 Bxc6 7. Nxd4 Qd7 8. c4 Be7 9. Nc3 Nf6 10. f3 0-0 11. Be3 a6 12. Rc1 b5 13. cxb5 Bxb5 14. Re1 c5 15. Nf5 Rfd8 16. Qc2 Qe6 17. Qf2 Nd7 18. Nd5 Bf6 19. Nc7 Qxa2 20. Nxa8 Rxa8 21. Nxd6 Qxb2 22. Qxb2 Bxb2 23. Rb1 Bd4 24. Nxb5 Bxe3+ 25. Rxe3 axb5 26. Rxb5 c4 27. Rd5 Nb6 28. Ra3 f6 29. Rxa8+ 1-0

[Event "Godesburg op 3rd"]
[Site "Bonn"]
[Date "1999.06.18"]
[Round "1"]
[White "Von der Lippe, Hans Bernd"]
[Black "Rausis, Igors"]
[Result "0-1"]
[WhiteElo "1800"]
[BlackElo "2480"]
[PlyCount "40"]
[EventDate "1999.06.18"]
[EventType "swiss"]
[EventRounds "9"]
[EventCountry "GER"]
[SourceTitle "EXT 2008"]
[Source "ChessBase"]
[SourceDate "2007.11.25"]
[SourceVersion "1"]
[SourceVersionDate "2007.11.25"]
[SourceQuality "1"]

1. e4 c5 2. Nf3 Nc6 3. d4 cxd4 4. Nxd4 Nf6 5. Nc3 g6 6. Be3 Bg7 7. f3 0-0 8. Qd2 d5 9. Nxc6 bxc6 10. 0-0-0 Qa5 11. Kb1 Rb8 12. b3 Rd8 13. Be2 Qa3 14. Bf4 Rb7 15. Be5 Nxe4 16. fxe4 Bxe5 17. exd5 cxd5 18. Rdf1 Rc7 19. Nd1 Rd6 20. Bf3 Qxa2+ 0-1